| 000 | 00697nam a2200253Ia 4500 | ||
|---|---|---|---|
| 003 | OSt | ||
| 005 | 20220928130942.0 | ||
| 006 | a|||||r|||| 00| 0 | ||
| 007 | ta | ||
| 008 | 220927b |||||||| |||| 00| 0 eng d | ||
| 024 | _a78082 | ||
| 037 | _cTextual | ||
| 040 |
_aSDCL _cSDCL _beng |
||
| 041 |
_2eng _aeng |
||
| 082 | _aS8221, P5 | ||
| 100 |
_aBhargava Mahesh _9476696 |
||
| 245 | 0 | _aDynamics of parental behaviour. | |
| 260 |
_aAgra _bH P Bhargava Book House _c2005 |
||
| 300 |
_axxiii,427p _ccm. |
||
| 650 |
_aParent Psychology _9476697 |
||
| 700 |
_a Aurora Saroj _9476698 |
||
| 942 |
_hS8221, P5 _cTEXL _2CC |
||
| 999 |
_c789174 _d789174 |
||